000
00313nam a22001337a 4500
008
171011b xxu||||| |||| 00| 0 eng d
020
_a
9780030140686
041
_a
eng
080
_2
5TH
_a
316
100
_a
50
101
_a
SOC
245
_a
FUNDAMENTALS OF HUMAN SEXUALITY
_c
KATCHADOURIAN,H,A
942
_2
udc
_c
BK
999
_c
33058
_d
33058